| 000 -CABECERA |
| campo de control de longitud fija |
00894nam a2200253 a 4500 |
| 001 - NÚMERO DE CONTROL |
| campo de control |
000005390 |
| 005 - FECHA Y HORA DE LA ÚLTIMA TRANSACCIÓN |
| campo de control |
20200120221832.0 |
| 008 - DATOS DE LONGITUD FIJA--INFORMACIÓN GENERAL |
| campo de control de longitud fija |
990304s1993 col gr 0 000 d |
| 020 ## - NÚMERO INTERNACIONAL ESTÁNDAR DEL LIBRO |
| Número Internacional Estándar del Libro |
958-30-0099-X |
| 090 ## - LOCALMENTE ASIGNADO TIPO-LC NÚMERO DE CLASIFICACIÓN (OCLC); NÚMERO DE CLASIFICACIÓN LOCAL (RLIN) |
| Número de clasificación (OCLC) (R) ; Numero de clasificación, CALL (RLIN) (NR) |
AT |
| Número cutter local (OCLC) ; Número de libro/Signatura topográfica íntegra, CALL (RLIN) |
CAL |
| 100 0# - ENTRADA PRINCIPAL--NOMBRE DE PERSONA |
| Nombre de persona |
Calderón de la Barca, Pedro |
| 245 13 - MENCIÓN DE TÍTULO |
| Título |
La vida es sueño. El alcalde de Zalamea / |
| Mención de responsabilidad, etc. |
Pedro Calderón de la Barca. |
| 250 ## - MENCIÓN DE EDICIÓN |
| Mención de edición |
2a. ed. |
| 260 ## - PUBLICACIÓN, DISTRIBUCIÓN, ETC. |
| Lugar de publicación, distribución, etc. |
Santafé de Bogotá : |
| Nombre del editor, distribuidor, etc. |
Panamericana, |
| Fecha de publicación, distribución, etc. |
1993. |
| 300 ## - DESCRIPCIÓN FÍSICA |
| Extensión |
227 p. |
| 490 #0 - MENCIÓN DE SERIE |
| Mención de serie |
Comedia |
| 500 ## - NOTA GENERAL |
| Nota general |
Ej.1 de Biblioparque Funza: 1a. ed. de 1993; ISBN: 9789583002243 |
| 500 ## - NOTA GENERAL |
| Nota general |
Ejemplar 2 de Ceic 2a. edición de 1997, ISBN 958-300-224-0 |
| 500 ## - NOTA GENERAL |
| Nota general |
Ej. 2 C. D. Salud 2a. ed. de 1997, 297 p., ISBN 958-30-0224-0 , |
| 500 ## - NOTA GENERAL |
| Nota general |
Ej.1 de Mosquera donado por la Biblioteca Nacional - PNLB 2012. |
| 650 14 - PUNTO DE ACCESO ADICIONAL DE MATERIA--TÉRMINO DE MATERIA |
| Término de materia o nombre geográfico como elemento de entrada |
TEATRO ESPAÑOL |
| 650 14 - PUNTO DE ACCESO ADICIONAL DE MATERIA--TÉRMINO DE MATERIA |
| Término de materia o nombre geográfico como elemento de entrada |
COMEDIA ESPAÑOLA |
| 650 14 - PUNTO DE ACCESO ADICIONAL DE MATERIA--TÉRMINO DE MATERIA |
| Término de materia o nombre geográfico como elemento de entrada |
LITERATURA ESPAÑOLA |